000 00394nam a2200145Ia 4500
008 211109s9999||||xx |||||||||||||| ||und||
082 _a820.9
_bSAI-C
100 _aSaintsbury, George
245 0 _aCorrected Impressions
260 _bWilliam Heinemann Ltd
_aLondon
_c2000
300 _a218p.
630 _xGeneral Stack
650 _aEnglish Litertaure
_vCriticism,History
_xEnglish
942 _cBOOK
999 _c152
_d152